00425nam a2200157Ia 4500003000400000008004100004040001600045082001300061100002300074245004600097260005200143300001000195490002500205650001500230650002200245GCL140319s9999 xx 000 0 eng d aGCL / cGCL04a843bM F1 aDE MAUPASSANT, GUY10aFORT COMME LA MORT / cDE MAUPASSANT, GUY a[S.N] : bLIBRAIRE GENERALE FRANCAISE ، c1994 a317 P aLE LIVRE DE POCHEv004aLITERATURE04aFRENCH LITERATURE